<?xml version="1.0" encoding="UTF-8"?><?xml-stylesheet type="text/xsl" href="static/style.xsl"?><OAI-PMH xmlns="http://www.openarchives.org/OAI/2.0/" xmlns:xsi="http://www.w3.org/2001/XMLSchema-instance" xsi:schemaLocation="http://www.openarchives.org/OAI/2.0/ http://www.openarchives.org/OAI/2.0/OAI-PMH.xsd"><responseDate>2026-04-13T01:10:11Z</responseDate><request verb="GetRecord" identifier="oai:www.recercat.cat:2117/446740" metadataPrefix="marc">https://recercat.cat/oai/request</request><GetRecord><record><header><identifier>oai:recercat.cat:2117/446740</identifier><datestamp>2025-11-23T04:52:50Z</datestamp><setSpec>com_2072_1033</setSpec><setSpec>col_2072_452951</setSpec></header><metadata><record xmlns="http://www.loc.gov/MARC21/slim" xmlns:dcterms="http://purl.org/dc/terms/" xmlns:xsi="http://www.w3.org/2001/XMLSchema-instance" xmlns:doc="http://www.lyncode.com/xoai" xsi:schemaLocation="http://www.loc.gov/MARC21/slim http://www.loc.gov/standards/marcxml/schema/MARC21slim.xsd">
   <leader>00925njm 22002777a 4500</leader>
   <datafield ind2=" " ind1=" " tag="042">
      <subfield code="a">dc</subfield>
   </datafield>
   <datafield ind2=" " ind1=" " tag="720">
      <subfield code="a">Montero Paniagua, Jose Antonio</subfield>
      <subfield code="e">author</subfield>
   </datafield>
   <datafield ind2=" " ind1=" " tag="260">
      <subfield code="c">2025-06-16</subfield>
   </datafield>
   <datafield ind2=" " ind1=" " tag="520">
      <subfield code="a">Aquest treball de fi de màster analitza el potencial de la intel·ligència artificial (IA) com a eina pedagògica en l'àmbit de la Formació Professional, concretament en el mòdul de Xarxes Locals del cicle de Sistemes Microinformàtics i Xarxes. S'ha dissenyat i implementat una activitat didàctica centrada en la configuració de VLANs mitjançant l'ús exclusiu de models de llenguatge (LLM), sense suport docent directe. L'objectiu principal ha estat promoure l'autonomia, el pensament crític i la millora de les competències tècniques de l'alumnat a través d'una metodologia activa. L'activitat s'ha dut a terme de manera simultània en dos grups classe, fet que ha permès ampliar la mostra i valorar la transferibilitat del disseny. Els resultats mostren una millora significativa en la comprensió dels continguts tècnics i una actitud receptiva envers l'ús educatiu de la IA. Tanmateix, també s'han detectat limitacions importants, com la manca d'habilitats per formular consultes efectives, la dependència de serveis externs o la necessitat de suport docent no previst inicialment. Aquestes dificultats evidencien la importància d'incloure una formació prèvia específica sobre l'ús crític d'eines d'IA, així com de repensar els materials i recursos de suport. En conjunt, s'observa que la IA pot esdevenir una eina didàctica de gran valor si s'integra amb criteri pedagògic, dins d'un enfocament planificat i amb el docent com a figura clau per garantir una experiència d'aprenentatge significativa.</subfield>
   </datafield>
   <datafield ind1="8" ind2=" " tag="024">
      <subfield code="a">http://hdl.handle.net/2117/446740</subfield>
   </datafield>
   <datafield tag="653" ind2=" " ind1=" ">
      <subfield code="a">Àrees temàtiques de la UPC::Ensenyament i aprenentatge::Formació professional</subfield>
   </datafield>
   <datafield tag="653" ind2=" " ind1=" ">
      <subfield code="a">Artificial intelligence--Educational applications</subfield>
   </datafield>
   <datafield tag="653" ind2=" " ind1=" ">
      <subfield code="a">Critical thinking</subfield>
   </datafield>
   <datafield tag="653" ind2=" " ind1=" ">
      <subfield code="a">Activitats didàctiques amb IA</subfield>
   </datafield>
   <datafield tag="653" ind2=" " ind1=" ">
      <subfield code="a">Pensament crític a FP</subfield>
   </datafield>
   <datafield tag="653" ind2=" " ind1=" ">
      <subfield code="a">Configuració de VLANs</subfield>
   </datafield>
   <datafield tag="653" ind2=" " ind1=" ">
      <subfield code="a">Models de llenguatge de gran escala (LLM)</subfield>
   </datafield>
   <datafield tag="653" ind2=" " ind1=" ">
      <subfield code="a">AI-based learning activities</subfield>
   </datafield>
   <datafield tag="653" ind2=" " ind1=" ">
      <subfield code="a">Critical thinking in VET</subfield>
   </datafield>
   <datafield tag="653" ind2=" " ind1=" ">
      <subfield code="a">VLAN configuration</subfield>
   </datafield>
   <datafield tag="653" ind2=" " ind1=" ">
      <subfield code="a">Large Language Models (LLMs)</subfield>
   </datafield>
   <datafield tag="653" ind2=" " ind1=" ">
      <subfield code="a">Intel·ligència artificial--Aplicacions a l'educació</subfield>
   </datafield>
   <datafield tag="653" ind2=" " ind1=" ">
      <subfield code="a">Pensament crític</subfield>
   </datafield>
   <datafield ind2="0" ind1="0" tag="245">
      <subfield code="a">Eines d'intel·ligència artificial com a Motor d'Innovació a l'Aula de Formació Professional</subfield>
   </datafield>
</record></metadata></record></GetRecord></OAI-PMH>